000 01438nam0a22002891 4500
001 rc\732909
005 20040301141749.7
035 _a(NLR Aleph) 006263273
090 _a6871459
_c6871459
100 _a20040301d1985 u |0rusy50 ca
101 0 _arus
102 _aRU
105 _ay |||||||||
200 1 _aПовышение эффективности использования промышленного потенциала в Украинской ССР
_fГос. план. ком. УССР, Укр. НИИ НТИ и техн.-экон. исслед.
_gКузьменко С.М., Петренко В.Г., к. э. н.
210 _aКиев
_cУкрНИИНТИ
_d1985
215 _a11 с.
_d20
225 1 _aЭкспресс-информация для руководителя
_iЭкономика, организация и планирование производства
_v(1.1.1.)
225 1 _aНовое в науке, технике и производстве
300 _aБез тит. л. и обл.
320 _aБиблиогр.: с. 11
702 1 _aКузьменко
_bС. М.
_gСергей Михайлович
_4220
712 0 2 _aУкраинский НИИ науч.-техн. информации и технико-экон. исследований
_cКиев
_3RU\NLR\AUTH\8810023920
801 0 _aRU
_bNLR
_gpsbo
801 1 _aRU
_bELAR
_2rusmarc
852 _aNLR
_j85-4/31451
942 _cBOOK
980 _aNB